Les Alliés - Seconde Guerre mondiale - Statistiques

Statistiques générales
  • Ce quiz a été pris 1 674 fois
    1 438 depuis la dernière actualisation
  • Le résultat moyen est 13 sur 18
Statistiques - réponses
Date d'entrée Pays % Correct
1941 Etats-Unis
98%
1939 Royaume-Uni
98%
1939 France
97%
1941 URSS
93%
1940 Belgique
86%
1939 Pologne
84%
1939 Canada
83%
1940 Pays-Bas
78%
1939 Chine
77%
1939 Australie
72%
1940 Norvège
72%
1940 Grèce
70%
1940 Danemark
64%
1940 Luxembourg
62%
1939 Nouvelle-Zélande
56%
1941 Yougoslavie
54%
1944 Roumanie
46%
1939 Afrique du Sud
41%
Aucun quiz correspondant
Distribution des résultats
% des personnes avec chaque résultat
Percentile par nombre de réponses
Votre historique - résultats
Vous n’avez pas pris ce quiz depuis la dernière actualisation